Jednoduché a podvojné účtovníctvo príručka pre každého

Salvato in:
Dettagli Bibliografici
Natura: Libro
Lingua:slovacco
Pubblicazione: Bratislava Náklad. vlast. 1942
Tags: Aggiungi Tag
Nessun Tag, puoi essere il primo ad aggiungerne!!

MARC

LEADER 00000nam a2200000 4500
001 0269107
005 20240822101714.5
041 0 |a slo 
044 |a -CS 
245 1 0 |a Jednoduché a podvojné účtovníctvo  |b príručka pre každého  |c Alexander Benko 
264 1 |a Bratislava  |b Náklad. vlast.  |c 1942